<?xml version="1.0" encoding="UTF-8"?>
<record
    xmlns:xsi="http://www.w3.org/2001/XMLSchema-instance"
    xsi:schemaLocation="http://www.loc.gov/MARC21/slim http://www.loc.gov/standards/marcxml/schema/MARC21slim.xsd"
    xmlns="http://www.loc.gov/MARC21/slim">

  <leader>02914cam a2200241 i 4500</leader>
  <datafield tag="999" ind1=" " ind2=" ">
    <subfield code="c">37808</subfield>
    <subfield code="d">37808</subfield>
  </datafield>
  <datafield tag="020" ind1=" " ind2=" ">
    <subfield code="a">9789390122073</subfield>
  </datafield>
  <datafield tag="041" ind1=" " ind2=" ">
    <subfield code="a">eng.</subfield>
  </datafield>
  <datafield tag="082" ind1=" " ind2=" ">
    <subfield code="a">331.40954</subfield>
    <subfield code="b">LAB-</subfield>
  </datafield>
  <datafield tag="245" ind1="0" ind2="0">
    <subfield code="a">Labouring women :</subfield>
    <subfield code="b">issues and challenges in contemporary India /</subfield>
    <subfield code="c">edited by Praveen Jha, Avinash Kumar, Yamini Mishra.</subfield>
  </datafield>
  <datafield tag="260" ind1=" " ind2=" ">
    <subfield code="a">Hyderabad :</subfield>
    <subfield code="b">Orient Black Swan,</subfield>
    <subfield code="c">2020.</subfield>
  </datafield>
  <datafield tag="300" ind1=" " ind2=" ">
    <subfield code="a">xv, 328p.</subfield>
    <subfield code="b">illustrations ;</subfield>
  </datafield>
  <datafield tag="500" ind1=" " ind2=" ">
    <subfield code="a">"The present volume addresses some aspects of the issues and challenges just outlined. It is the outcome of an engagement with the issues of women, work and resources at an international conference organised by the Centre for Informal Sector and Labour Studies (CISLS) in the Schools of Social Sciences, Jawaharlal Nehru University (JNU), in association with United Nations (UN) Women"--Page 3.</subfield>
  </datafield>
  <datafield tag="504" ind1=" " ind2=" ">
    <subfield code="a">Includes bibliographical references and index.</subfield>
  </datafield>
  <datafield tag="520" ind1=" " ind2=" ">
    <subfield code="a">It is well known that notions of work and employment in official data systems undermine women&#x2019;s work. Difficulties abound with respect to the recognition and measurement of women&#x2019;s &#x2018;invisible&#x2019; work, made more complicated by distinctions such as paid and unpaid work; economic and non-economic activities; and market and non-market labour. All of this invisibilises and underestimates women&#x2019;s unpaid and under-paid work.

While the gender gap in paid work has narrowed only slightly in developed countries, these have increased in &#x2018;emerging economies&#x2019; such as India. Labouring Women explores these unfavourable trends and analyses the current position and condition of women&#x2019;s work. It argues that despite the supposed development, policy changes and talk of equality, experiences of labouring women show that their challenges have multiplied, both at work and at home, with longer working hours and greater reliance on unpaid work.

Supplemented by detailed statistics, this volume examines critical issues faced by women workers at local and national levels, including: the dichotomy between paid and unpaid work; changes in wages and their links with policy reforms; women and land rights in India; changing patterns of women&#x2019;s participation in work; a study of some women domestic workers in the NCR; and the real effect of policy reforms on the public workforce.

A major and significant volume that brings together debates on the conceptual and methodological issues around women&#x2019;s labour, Labouring Women will interest scholars of sociology, economics, gender studies and development studies, as well as policymakers, NGOs, and international agencies such as the ILO.</subfield>
  </datafield>
  <datafield tag="546" ind1=" " ind2=" ">
    <subfield code="a">English.</subfield>
  </datafield>
  <datafield tag="650" ind1=" " ind2="0">
    <subfield code="a">Women in economic development</subfield>
    <subfield code="z">India</subfield>
    <subfield code="v">Congresses.</subfield>
  </datafield>
  <datafield tag="650" ind1=" " ind2="0">
    <subfield code="a">Women</subfield>
    <subfield code="x">Employment</subfield>
    <subfield code="z">India</subfield>
    <subfield code="v">Congresses.</subfield>
  </datafield>
  <datafield tag="650" ind1=" " ind2="0">
    <subfield code="a">Women</subfield>
    <subfield code="z">India</subfield>
    <subfield code="x">Economic conditions</subfield>
    <subfield code="v">Congresses.</subfield>
  </datafield>
  <datafield tag="700" ind1="1" ind2=" ">
    <subfield code="a">Jha, Praveen K.</subfield>
    <subfield code="e">editor.</subfield>
  </datafield>
  <datafield tag="700" ind1="1" ind2=" ">
    <subfield code="a">Kumar, Avinash</subfield>
    <subfield code="e">editor.</subfield>
  </datafield>
  <datafield tag="700" ind1="1" ind2=" ">
    <subfield code="a">Mishra, Yamini</subfield>
    <subfield code="e">editor.</subfield>
  </datafield>
  <datafield tag="942" ind1=" " ind2=" ">
    <subfield code="2">ddc</subfield>
    <subfield code="c">BK</subfield>
  </datafield>
  <datafield tag="952" ind1=" " ind2=" ">
    <subfield code="0">0</subfield>
    <subfield code="1">0</subfield>
    <subfield code="4">0</subfield>
    <subfield code="7">0</subfield>
    <subfield code="a">NASSDOC</subfield>
    <subfield code="b">NASSDOC</subfield>
    <subfield code="d">2023-03-16</subfield>
    <subfield code="e">Overseas</subfield>
    <subfield code="g">0.00</subfield>
    <subfield code="l">0</subfield>
    <subfield code="o">331.40954 LAB-</subfield>
    <subfield code="p">53502</subfield>
    <subfield code="r">2023-05-18 00:00:00</subfield>
    <subfield code="v">0.00</subfield>
    <subfield code="w">2023-05-18</subfield>
    <subfield code="y">BK</subfield>
  </datafield>
</record>
